[Event "HSG Open 2016"]
[Site "Hilversum"]
[Date "2016.06.17"]
[Round "1.1"]
[White "Dgebuadze, Alexandre"]
[Black "Keetman, Maaike"]
[Result "1-0"]
[BlackElo "2040"]
[WhiteElo "2510"]
[LiveChessVersion "1.4.8"]

1. e4 c5 2. Nf3 e6 3. d3 Nc6 4. g3 g6 5. Bg5 Qb6 6. Qc1 Bg7 7. c3 Nge7 8. Na3 d5
9. Bg2 O-O 10. O-O Qa6 11. Rd1 b5 12. exd5 exd5 13. Nc2 Be6 14. d4 c4 15. Bh6
Rab8 16. Re1 Bxh6 17. Qxh6 Nf5 18. Qf4 b4 19. Ne3 bxc3 20. bxc3 Nxe3 21. Rxe3 Ne7
22. g4 Rb6 23. Rae1 f6 24. h4 Kg7 25. g5 Nf5 26. R3e2 Qc8 27. Nh2 h6 28. Ng4 hxg5
29. hxg5 fxg5 30. Qxg5 Bf7 31. Re5 Qd7 32. Bh3 Rh8 33. Ne3 Rxh3 34. Nxf5+ Kh7 35.
Ng3 Re6 36. Rxe6 Bxe6 37. Qf6 Qc7 38. Rxe6 Rxg3+ 39. Kf1 1-0

[Event "HSG Open 2016"]
[Site "Hilversum"]
[Date "2016.06.17"]
[Round "1.2"]
[White "De Jonge, Boris"]
[Black "Leenhouts, Koen"]
[Result "0-1"]
[BlackElo "2488"]
[WhiteElo "2037"]
[LiveChessVersion "1.4.8"]

1. e4 c5 2. Nf3 e6 3. d4 cxd4 4. Nxd4 Nc6 5. Nb5 d6 6. c4 Nf6 7. N1c3 a6 8. Na3
Be7 9. Be2 O-O 10. O-O b6 11. Be3 Bb7 12. Qb3 Qd7 13. Rfd1 Ne5 14. f3 Rab8 15.
Rd2 Rfe8 16. Bf1 Qc8 17. Rc1 Bf8 18. Qd1 Qc7 19. Qe1 Rbc8 20. Rdc2 Qb8 21. Na4
Ned7 22. Qf2 d5 23. cxd5 Rxc2 24. Rxc2 exd5 25. e5 Nxe5 26. Bxb6 Bc6 27. Ba7 Qb7
28. Nc3 Bd6 29. Bd4 Re6 30. Kh1 Qe7 31. g3 g5 32. Bxa6 g4 33. Be2 gxf3 34. Bxf3
Neg4 35. Bxg4 Nxg4 36. Qf5 Re1+ 37. Kg2 Bd7 38. Qxd5 Ne3+ 39. Bxe3 Rxe3 40. Nc4
Re6 41. Rd2 Rh6 42. Re2 Bh3+ 43. Kh1 Rf6 44. Qg5+ Kf8 45. Qc1 Qb7+ 46. Ne4 Rf1+
47. Qxf1 Bxf1 48. Ncxd6 Qd5 49. Rf2 Bh3 50. Rd2 Qc6 51. Kg1 Qc1+ 52. Kf2 f5 53.
Nxf5 Bxf5 54. Ke3 Bxe4 55. Kd4 0-1

[Event "HSG Open 2016"]
[Site "Hilversum"]
[Date "2016.06.17"]
[Round "1.3"]
[White "Pruijssers, Roeland"]
[Black "Ritsema, Ronald"]
[Result "1-0"]
[BlackElo "2045"]
[WhiteElo "2465"]
[LiveChessVersion "1.4.8"]

1. e4 {[%clk 1:50:17]} e6 {[%clk 1:50:16]} 2. d4 {[%clk 1:50:12]} d5
{[%clk 1:50:23]} 3. e5 {[%clk 1:49:48]} c5 {[%clk 1:50:27]} 4. c3
{[%clk 1:49:54]} Nc6 {[%clk 1:50:13]} 5. Nf3 {[%clk 1:49:51]} Bd7
{[%clk 1:50:03]} 6. Be2 {[%clk 1:48:03]} Qc7 {[%clk 1:48:56]} 7. O-O
{[%clk 1:46:55]} f6 {[%clk 1:47:10]} 8. Re1 {[%clk 1:36:40]} O-O-O
{[%clk 1:43:20]} 9. Bf4 {[%clk 1:28:33]} h6 {[%clk 1:37:13]} 10. h3
{[%clk 1:25:22]} g5 {[%clk 1:35:59]} 11. Bh2 {[%clk 1:25:18]} f5 {[%clk 1:35:42]}
12. dxc5 {[%clk 1:23:47]} Bxc5 {[%clk 1:34:09]} 13. b4 {[%clk 1:23:45]} Bf8
{[%clk 1:32:39]} 14. Na3 {[%clk 1:18:05]} Kb8 {[%clk 1:27:17]} 15. Nb5
{[%clk 1:16:49]} Qb6 {[%clk 1:24:40]} 16. a4 {[%clk 1:13:31]} Rc8
{[%clk 1:17:31]} 17. Qb3 {[%clk 1:08:30]} Bg7 {[%clk 1:10:52]} 18. a5
{[%clk 1:04:56]} Qd8 {[%clk 1:02:10]} 19. Nd6 {[%clk 0:58:50]} Nge7
{[%clk 0:57:37]} 20. Nf7 {[%clk 0:36:21]} Qf8 {[%clk 0:54:30]} 21. Nxh8
{[%clk 0:36:19]} Qxh8 {[%clk 0:54:34]} 22. b5 {[%clk 0:34:56]} Nxe5
{[%clk 0:45:21]} 23. Qb4 {[%clk 0:34:39]} f4 {[%clk 0:34:06]} 24. Qd6+
{[%clk 0:30:59]} Ka8 {[%clk 0:33:28]} 25. Nxe5 {[%clk 0:30:42]} Bxe5
{[%clk 0:31:37]} 26. Qxd7 {[%clk 0:30:42]} Bxc3 {[%clk 0:25:44]} 27. a6
{[%clk 0:30:38]} Rb8 {[%clk 0:25:09]} 28. Qxe7 {[%clk 0:30:28]} 1-0

[Event "HSG Open 2016"]
[Site "Hilversum"]
[Date "2016.06.17"]
[Round "1.4"]
[White "Hummel, Joop"]
[Black "Ten Hertog, Hugo"]
[Result "0-1"]
[BlackElo "2447"]
[WhiteElo "2016"]
[LiveChessVersion "1.4.8"]

1. Nf3 g6 2. e4 Bg7 3. d4 d6 4. Nc3 a6 5. Be2 b5 6. O-O Bb7 7. Re1 Nd7 8. a3 c5
9. d5 Ngf6 10. Bd3 O-O 11. h3 e6 12. Bf4 e5 13. Bg5 h6 14. Be3 Nh5 15. Qd2 g5 16.
Nh2 Nf4 17. Nf1 f5 18. exf5 Nb6 19. Be4 Nc4 20. Qc1 Qd7 21. Ng3 a5 22. b3 Nb6 23.
a4 b4 24. Nb5 Ba6 25. c4 bxc3 26. Nxc3 Nd3 27. Bxd3 Bxd3 28. Qd2 Bxf5 29. Nxf5
Qxf5 30. Nb5 e4 31. Nxd6 Qg6 32. Bxc5 Bxa1 33. Rxa1 Nd7 34. Ba3 Rfb8 35. Nb5 Ra6
36. Rc1 g4 37. hxg4 Qxg4 38. d6 Rf8 39. Rc3 Kh7 40. Rg3 Qf5 41. Qd4 Rf6 42. Nc7
Rc6 43. Ne8 Ne5 44. Nxf6+ Qxf6 45. Bb2 Rc1+ 46. Kh2 Qh4+ 47. Rh3 Ng4# 0-1

[Event "HSG Open 2016"]
[Site "Hilversum"]
[Date "2016.06.17"]
[Round "1.5"]
[White "Van Dael, Siem"]
[Black "Kuipers, Stefan"]
[Result "0-1"]
[BlackElo "2409"]
[WhiteElo "2006"]
[LiveChessVersion "1.4.8"]

1. e4 {[%clk 1:50:15]} d6 {[%clk 1:50:16]} 2. d4 {[%clk 1:50:19]} Nf6
{[%clk 1:50:22]} 3. Nc3 {[%clk 1:50:17]} e5 {[%clk 1:50:27]} 4. Bc4
{[%clk 1:48:19]} Nbd7 {[%clk 1:47:46]} 5. Nf3 {[%clk 1:47:49]} Be7
{[%clk 1:47:45]} 6. O-O {[%clk 1:47:36]} O-O {[%clk 1:47:48]} 7. Qe2
{[%clk 1:43:07]} c6 {[%clk 1:47:25]} 8. h3 {[%clk 1:42:02]} b5 {[%clk 1:43:36]}
9. Bb3 {[%clk 1:41:03]} a6 {[%clk 1:38:12]} 10. Rd1 {[%clk 1:40:31]} Qc7 11. a4
b4 {[%clk 1:34:35]} 12. Na2 {[%clk 1:37:44]} a5 {[%clk 1:31:58]} 13. c3
{[%clk 1:37:11]} Ba6 {[%clk 1:24:28]} 14. Qe1 {[%clk 1:34:46]} c5
{[%clk 1:11:08]} 15. cxb4 {[%clk 1:33:08]} cxd4 {[%clk 1:08:45]} 16. Nh4
{[%clk 1:28:43]} Rfb8 {[%clk 1:03:40]} 17. Nf5 {[%clk 1:27:23]} Bf8
{[%clk 1:03:39]} 18. Bd2 {[%clk 1:27:19]} Bb7 {[%clk 1:00:30]} 19. Rac1
{[%clk 1:20:30]} Qd8 {[%clk 0:57:36]} 20. f3 {[%clk 1:18:39]} axb4
{[%clk 0:55:13]} 21. Bxb4 {[%clk 1:16:43]} Nc5 {[%clk 0:54:04]} 22. Qg3
{[%clk 0:42:12]} g6 {[%clk 0:51:21]} 23. Bxc5 {[%clk 0:24:06]} dxc5
{[%clk 0:49:07]} 24. Qg5 {[%clk 0:23:36]} Bxe4 {[%clk 0:43:07]} 25. fxe4
{[%clk 0:21:33]} Rxb3 {[%clk 0:43:02]} 26. Nc3 {[%clk 0:18:25]} Nd7
{[%clk 0:37:07]} 27. Qg4 {[%clk 1:50:10]} h5 {[%clk 1:50:10]} 0-1

[Event "HSG Open 2016"]
[Site "Hilversum"]
[Date "2016.06.17"]
[Round "1.6"]
[White "Hendriks, Willy"]
[Black "Markus, John Raymond"]
[Result "1/2-1/2"]
[BlackElo "2003"]
[WhiteElo "2406"]
[LiveChessVersion "1.4.8"]

1. e4 {[%clk 1:50:17]} e5 {[%clk 1:50:17]} 2. Bc4 {[%clk 1:50:13]} Nf6
{[%clk 1:50:21]} 3. d3 {[%clk 1:50:15]} Nc6 {[%clk 1:50:16]} 4. Nf3
{[%clk 1:50:17]} Bc5 {[%clk 1:50:19]} 5. c3 {[%clk 1:50:20]} d6 {[%clk 1:49:17]}
6. Nbd2 {[%clk 1:48:46]} a6 {[%clk 1:48:25]} 7. Bb3 {[%clk 1:48:38]} Ba7
{[%clk 1:47:45]} 8. Nf1 {[%clk 1:48:00]} O-O {[%clk 1:47:09]} 9. Ng3
{[%clk 1:47:39]} h6 {[%clk 1:44:35]} 10. h3 {[%clk 1:47:14]} Re8 {[%clk 1:43:35]}
11. O-O {[%clk 1:47:11]} d5 {[%clk 1:39:00]} 12. Qe2 {[%clk 1:46:32]} Be6
{[%clk 1:33:56]} 13. Rd1 {[%clk 1:40:09]} dxe4 {[%clk 1:25:21]} 14. dxe4
{[%clk 1:40:00]} Qe7 {[%clk 1:23:28]} 15. Nh4 {[%clk 1:37:15]} Bxb3
{[%clk 1:21:23]} 16. axb3 {[%clk 1:37:18]} Qe6 {[%clk 1:20:42]} 17. b4
{[%clk 1:35:27]} Rad8 {[%clk 1:17:48]} 18. Rxd8 {[%clk 1:25:06]} Rxd8
{[%clk 1:17:51]} 19. Nhf5 {[%clk 1:24:48]} Bb6 {[%clk 1:14:36]} 20. Be3
{[%clk 1:16:41]} Bxe3 {[%clk 1:11:54]} 21. Qxe3 {[%clk 1:16:34]} Kh7
{[%clk 1:11:00]} 22. Re1 {[%clk 1:00:05]} Ng8 {[%clk 1:05:02]} 23. Qe2
{[%clk 0:52:54]} g6 {[%clk 1:02:57]} 24. Ne3 {[%clk 0:52:56]} Nge7
{[%clk 1:01:33]} 25. Rd1 {[%clk 0:50:51]} Rxd1+ {[%clk 0:53:20]} 26. Qxd1
{[%clk 0:50:58]} Qd6 {[%clk 0:43:46]} 27. Qe2 {[%clk 0:40:45]} b5
{[%clk 0:37:44]} 28. Ngf1 {[%clk 0:39:50]} Nd8 {[%clk 0:37:25]} 29. g3
{[%clk 0:36:09]} Ne6 {[%clk 0:35:20]} 30. Ng4 {[%clk 0:34:58]} Ng8
{[%clk 0:34:19]} 31. Qd2 {[%clk 0:29:23]} Ng5 {[%clk 0:33:06]} 32. Qd5
{[%clk 0:23:15]} h5 {[%clk 0:27:27]} 33. Nge3 {[%clk 0:20:56]} Nf6
{[%clk 0:24:51]} 34. Qxd6 {[%clk 0:14:49]} cxd6 {[%clk 0:24:58]} 35. Kg2
{[%clk 0:14:40]} Ngxe4 {[%clk 0:19:14]} 36. f3 Ng5 37. h4 {[%clk 0:14:06]} Ne6
{[%clk 0:19:20]} 38. Nd2 {[%clk 0:14:10]} d5 {[%clk 0:17:27]} 39. Kf2
{[%clk 0:13:30]} Kg8 {[%clk 0:13:22]} 40. Ke2 {[%clk 0:13:36]} Kf8
{[%clk 0:13:07]} 41. Nb3 {[%clk 0:11:33]} d4 {[%clk 0:10:28]} 42. Nc2
{[%clk 0:10:56]} dxc3 {[%clk 0:10:21]} 43. bxc3 {[%clk 0:11:04]} Ke7
{[%clk 0:09:34]} 44. Ne3 {[%clk 0:10:30]} Kd6 {[%clk 0:09:26]} 45. Nd2
{[%clk 0:08:54]} Kc6 {[%clk 0:08:02]} 46. Nb3 {[%clk 0:08:23]} Nc7
{[%clk 0:06:09]} 47. Na5+ {[%clk 0:06:41]} Kd6 {[%clk 0:05:21]} 48. Nb7+
{[%clk 0:06:36]} Ke7 {[%clk 0:04:49]} 49. Kd3 {[%clk 0:06:13]} Nfd5
{[%clk 0:04:41]} 50. Nxd5+ {[%clk 0:05:57]} Nxd5 {[%clk 0:04:50]} 51. Nc5
{[%clk 0:05:04]} Nc7 {[%clk 0:04:55]} 52. Ke4 {[%clk 0:05:09]} f6
{[%clk 0:04:43]} 53. g4 {[%clk 0:05:10]} Kf7 {[%clk 0:03:52]} 54. Nd7
{[%clk 0:04:53]} Ke6 {[%clk 0:03:55]} 55. Nc5+ {[%clk 0:05:02]} Kf7
{[%clk 0:04:04]} 56. Nd7 {[%clk 0:05:09]} Ke6 {[%clk 0:04:14]} 1/2-1/2

[Event "HSG Open 2016"]
[Site "Hilversum"]
[Date "2016.06.17"]
[Round "1.7"]
[White "Blees, Albert"]
[Black "Hilwerda, Jonas"]
[Result "1-0"]
[BlackElo "1973"]
[WhiteElo "2403"]
[LiveChessVersion "1.4.8"]

1. c4 {[%clk 1:50:13]} e5 {[%clk 1:50:14]} 2. Nc3 {[%clk 1:50:09]} Nf6
{[%clk 1:50:13]} 3. Nf3 {[%clk 1:49:43]} Nc6 {[%clk 1:48:22]} 4. g3
{[%clk 1:49:28]} d6 {[%clk 1:47:37]} 5. Bg2 {[%clk 1:48:57]} Be6 {[%clk 1:46:17]}
6. d4 {[%clk 1:44:00]} Bxc4 {[%clk 1:35:09]} 7. Qa4 {[%clk 1:35:44]} Bd5
{[%clk 1:31:59]} 8. e4 {[%clk 1:25:28]} Bxe4 {[%clk 1:26:10]} 9. dxe5
{[%clk 1:24:05]} Bxf3 {[%clk 1:21:30]} 10. Bxf3 {[%clk 1:24:07]} Nd7
{[%clk 1:17:13]} 11. Bxc6 {[%clk 1:21:57]} bxc6 {[%clk 1:17:20]} 12. Qxc6
{[%clk 1:21:59]} dxe5 {[%clk 1:16:02]} 13. Nb5 {[%clk 1:12:57]} Bb4+
{[%clk 1:10:51]} 14. Ke2 {[%clk 1:12:56]} O-O {[%clk 1:09:04]} 15. Rd1
{[%clk 1:12:37]} Qf6 {[%clk 1:08:34]} 16. Qxd7 {[%clk 1:07:34]} Rad8
{[%clk 1:03:31]} 17. Qxc7 {[%clk 0:58:00]} Rxd1 {[%clk 0:33:03]} 18. Kxd1
{[%clk 0:57:50]} Qf3+ {[%clk 0:12:27]} 19. Kc2 {[%clk 0:57:39]} Qe2+
{[%clk 0:12:28]} 20. Kb3 {[%clk 0:54:05]} Qxb5 {[%clk 0:12:25]} 21. Qc4
{[%clk 0:52:45]} Qxc4+ {[%clk 0:04:36]} 22. Kxc4 {[%clk 0:52:47]} Ba5
{[%clk 0:04:45]} 23. Be3 {[%clk 0:52:07]} a6 {[%clk 0:04:54]} 24. b4
{[%clk 0:48:33]} Rc8+ {[%clk 0:02:18]} 25. Bc5 {[%clk 0:48:34]} Bc7
{[%clk 0:01:02]} 26. Rd1 {[%clk 0:48:19]} a5 {[%clk 0:00:37]} 27. a3
{[%clk 0:47:56]} axb4 {[%clk 0:00:29]} 28. axb4 {[%clk 0:48:00]} f6
{[%clk 0:00:31]} 29. Rd7 {[%clk 0:47:50]} Bb6 {[%clk 0:00:16]} 30. Kd5
{[%clk 0:47:40]} 1-0

[Event "HSG Open 2016"]
[Site "Hilversum"]
[Date "2016.06.17"]
[Round "1.8"]
[White "Beerdsen, Thomas"]
[Black "Elgersma, Simon"]
[Result "1-0"]
[BlackElo "1995"]
[WhiteElo "2396"]
[LiveChessVersion "1.4.8"]

1. e4 {[%clk 1:49:29]} e6 {[%clk 1:50:12]} 2. d4 {[%clk 1:49:36]} d5
{[%clk 1:50:16]} 3. Nd2 {[%clk 1:49:24]} c5 {[%clk 1:47:29]} 4. Ngf3
{[%clk 1:45:10]} cxd4 {[%clk 1:47:24]} 5. Nxd4 {[%clk 1:45:01]} Nc6
{[%clk 1:47:27]} 6. c3 {[%clk 1:37:49]} Nxd4 {[%clk 1:46:38]} 7. cxd4
{[%clk 1:37:55]} dxe4 {[%clk 1:46:37]} 8. Nxe4 {[%clk 1:37:53]} Bd7
{[%clk 1:40:05]} 9. Be2 {[%clk 1:35:04]} Bc6 {[%clk 1:36:09]} 10. Bf3
{[%clk 1:35:00]} Bb4+ {[%clk 1:32:31]} 11. Nc3 {[%clk 1:33:41]} Bxf3
{[%clk 1:22:38]} 12. Qxf3 {[%clk 1:33:46]} Qxd4 {[%clk 1:21:53]} 13. O-O
{[%clk 1:33:21]} Nf6 {[%clk 1:17:04]} 14. Qxb7 {[%clk 1:24:00]} O-O
{[%clk 1:13:45]} 15. Be3 {[%clk 1:23:21]} Qc4 {[%clk 0:52:30]} 16. Bxa7
{[%clk 1:20:09]} Bxc3 {[%clk 0:50:11]} 17. bxc3 {[%clk 1:19:41]} Nd5
{[%clk 0:48:38]} 18. a4 {[%clk 1:18:47]} Rfc8 {[%clk 0:41:30]} 19. a5
{[%clk 1:16:44]} Qc7 {[%clk 0:30:49]} 20. Qxc7 {[%clk 1:15:57]} Rxc7
{[%clk 0:26:58]} 21. Bd4 {[%clk 1:13:07]} Nxc3 {[%clk 0:25:13]} 22. Kh1
{[%clk 1:13:05]} f6 {[%clk 0:21:20]} 23. Bb6 {[%clk 1:01:43]} Rc6
{[%clk 0:18:42]} 24. Rfc1 {[%clk 0:59:41]} e5 {[%clk 0:17:53]} 25. Be3
{[%clk 0:57:56]} Rc7 {[%clk 0:13:43]} 26. a6 {[%clk 0:56:28]} Kf7
{[%clk 0:11:55]} 27. a7 {[%clk 0:54:44]} Ke6 {[%clk 0:10:51]} 28. Ra3
{[%clk 0:49:20]} Nb5 {[%clk 0:09:00]} 29. Rxc7 {[%clk 0:49:26]} Nxc7
{[%clk 0:09:06]} 30. Rb3 {[%clk 0:49:10]} Rd8 {[%clk 0:08:54]} 31. g4
{[%clk 0:48:17]} Na8 {[%clk 0:07:46]} 32. Rb8 {[%clk 0:48:18]} Ke7
{[%clk 0:07:07]} 33. Rb7+ {[%clk 0:45:14]} Rd7 {[%clk 0:06:51]} 34. Bc5+
{[%clk 0:45:19]} Ke8 {[%clk 0:06:33]} 35. Rb8+ {[%clk 0:45:26]} Rd8
{[%clk 0:06:38]} 36. Bb6 {[%clk 0:45:31]} 1-0

[Event "HSG Open 2016"]
[Site "Hilversum"]
[Date "2016.06.17"]
[Round "1.9"]
[White "Brouwer, Timon"]
[Black "Stark, Lars"]
[Result "0-1"]
[BlackElo "2385"]
[WhiteElo "2011"]
[LiveChessVersion "1.4.8"]

1. d4 {[%clk 1:50:16]} e6 {[%clk 1:50:04]} 2. Bf4 {[%clk 1:50:20]} Nf6
{[%clk 1:49:38]} 3. e3 {[%clk 1:49:58]} c5 {[%clk 1:49:15]} 4. c3
{[%clk 1:49:52]} Nc6 {[%clk 1:49:12]} 5. Nf3 {[%clk 1:49:44]} Nh5
{[%clk 1:45:54]} 6. Bg5 {[%clk 1:48:06]} Qb6 {[%clk 1:45:58]} 7. Qb3
{[%clk 1:47:57]} h6 {[%clk 1:46:03]} 8. Bh4 {[%clk 1:47:50]} g5 {[%clk 1:45:03]}
9. Bg3 {[%clk 1:46:15]} Nxg3 {[%clk 1:42:16]} 10. hxg3 {[%clk 1:46:13]} Bg7
{[%clk 1:41:59]} 11. g4 {[%clk 1:37:56]} d5 {[%clk 1:37:55]} 12. Nbd2
{[%clk 1:31:20]} Bd7 {[%clk 1:35:04]} 13. dxc5 {[%clk 1:26:18]} Qxc5
{[%clk 1:33:37]} 14. Nd4 {[%clk 1:21:24]} Rb8 {[%clk 1:17:41]} 15. Be2
{[%clk 1:15:41]} O-O {[%clk 1:15:16]} 16. N2f3 {[%clk 1:12:05]} Rfd8
{[%clk 1:01:42]} 17. Qc2 {[%clk 0:58:15]} b5 {[%clk 0:59:25]} 18. b4
{[%clk 0:55:27]} Qb6 {[%clk 0:54:43]} 19. Kd2 {[%clk 0:43:54]} Ne7
{[%clk 0:50:54]} 20. Rh5 {[%clk 0:36:52]} e5 {[%clk 0:49:11]} 21. Nf5
{[%clk 0:31:39]} Bxf5 {[%clk 0:48:36]} 22. gxf5 {[%clk 0:31:47]} d4
{[%clk 0:47:12]} 23. exd4 {[%clk 0:28:42]} exd4 {[%clk 0:46:39]} 24. Rah1
{[%clk 0:25:59]} d3 {[%clk 0:44:49]} 25. Bxd3 {[%clk 0:24:33]} Rbc8
{[%clk 0:40:31]} 26. Rxg5 {[%clk 0:20:39]} hxg5 {[%clk 0:40:20]} 27. f6
{[%clk 0:20:35]} Qxf6 {[%clk 0:39:23]} 28. Ke2 {[%clk 0:20:18]} Nd5
{[%clk 0:38:58]} 29. Bh7+ {[%clk 0:15:55]} Kf8 {[%clk 0:39:04]} 30. Kf1
{[%clk 0:15:51]} Rxc3 {[%clk 0:38:37]} 31. Qe4 {[%clk 0:15:21]} Rc1+
{[%clk 0:38:23]} 32. Ne1 {[%clk 0:15:04]} Re8 {[%clk 0:38:15]} 0-1

[Event "HSG Open 2016"]
[Site "Hilversum"]
[Date "2016.06.17"]
[Round "1.10"]
[White "Warmerdam, Max"]
[Black "Bodicker, Rob"]
[Result "1/2-1/2"]
[BlackElo "2008"]
[WhiteElo "2382"]
[LiveChessVersion "1.4.8"]

1. e4 {[%clk 1:50:17]} e6 {[%clk 1:50:14]} 2. d4 {[%clk 1:50:24]} d5
{[%clk 1:50:20]} 3. Nc3 {[%clk 1:50:31]} Nc6 {[%clk 1:50:16]} 4. Nf3
{[%clk 1:50:32]} Nf6 {[%clk 1:48:53]} 5. Bd3 {[%clk 1:50:37]} dxe4
{[%clk 1:46:55]} 6. Nxe4 {[%clk 1:50:11]} Be7 {[%clk 1:46:48]} 7. O-O
{[%clk 1:49:29]} O-O {[%clk 1:46:33]} 8. c3 {[%clk 1:48:04]} b6 {[%clk 1:42:08]}
9. Nfg5 {[%clk 1:24:25]} g6 {[%clk 1:17:28]} 10. Qf3 {[%clk 1:22:28]} Nxe4
{[%clk 1:12:02]} 11. Bxe4 {[%clk 1:02:15]} Bxg5 {[%clk 1:11:45]} 12. Bxg5
{[%clk 1:02:14]} Qxg5 {[%clk 1:11:50]} 13. Bxc6 {[%clk 1:02:18]} Rb8
{[%clk 1:11:17]} 14. Rfe1 {[%clk 0:59:31]} Ba6 {[%clk 1:08:23]} 15. Rad1
{[%clk 0:57:42]} Rbd8 {[%clk 1:06:52]} 16. Re5 {[%clk 0:54:29]} Qh6
{[%clk 1:06:06]} 17. b3 {[%clk 0:40:45]} Rd6 {[%clk 1:00:17]} 18. Ree1
{[%clk 0:32:24]} Rfd8 {[%clk 0:54:13]} 19. d5 {[%clk 0:30:21]} Bc8
{[%clk 0:52:54]} 20. h3 {[%clk 0:28:14]} Qg5 {[%clk 0:51:55]} 21. c4
{[%clk 0:26:48]} exd5 {[%clk 0:40:31]} 22. Bxd5 {[%clk 0:25:40]} Be6
{[%clk 0:39:13]} 23. Bxe6 {[%clk 0:25:12]} Rxe6 {[%clk 0:39:00]} 24. Rxd8+
{[%clk 0:22:13]} Qxd8 {[%clk 0:37:49]} 25. Rxe6 {[%clk 0:22:18]} fxe6
{[%clk 0:37:50]} 26. Qe4 {[%clk 0:22:17]} Qd1+ {[%clk 0:36:45]} 27. Kh2
{[%clk 0:22:23]} Qd6+ {[%clk 0:36:50]} 28. g3 {[%clk 0:21:56]} a5
{[%clk 0:36:08]} 29. Qa8+ {[%clk 0:17:41]} Kg7 {[%clk 0:36:06]} 30. Qe8
{[%clk 0:16:34]} h5 {[%clk 0:31:37]} 31. Kg2 {[%clk 0:13:56]} Qe5
{[%clk 0:29:13]} 32. Qe7+ {[%clk 0:13:22]} Kg8 {[%clk 0:29:07]} 33. Kh2
{[%clk 0:12:46]} Qd6 {[%clk 0:26:05]} 34. Qf6 {[%clk 0:09:53]} Kh7
{[%clk 0:23:26]} 35. Kg2 {[%clk 0:07:13]} Qc6+ {[%clk 0:21:47]} 36. Kg1
{[%clk 0:07:16]} Qd7 {[%clk 0:21:40]} 37. h4 {[%clk 0:06:48]} Qd1+
{[%clk 0:20:40]} 38. Kg2 {[%clk 0:06:53]} Qd7 {[%clk 0:20:43]} 39. a4
{[%clk 0:02:29]} Qc6+ {[%clk 0:19:50]} 40. Kg1 {[%clk 0:02:20]} Qd7
{[%clk 0:19:54]} 41. Qf8 {[%clk 0:02:09]} Qd1+ {[%clk 0:18:01]} 42. Kg2
{[%clk 0:02:18]} Qd7 {[%clk 0:18:02]} 43. Kh2 {[%clk 0:02:08]} Qg7
{[%clk 0:15:45]} 44. Qf4 {[%clk 0:00:39]} Kg8 {[%clk 0:14:41]} 45. Qe4
{[%clk 0:00:37]} Qf7 {[%clk 0:14:17]} 46. Kg2 {[%clk 0:00:46]} Kh7
{[%clk 0:13:43]} 47. Qc6 {[%clk 0:00:41]} Qe7 {[%clk 0:12:23]} 48. Kg1
{[%clk 0:00:50]} Kg7 {[%clk 0:12:18]} 49. Kf1 {[%clk 0:00:16]} Qd6
{[%clk 0:10:01]} 50. Qe8 {[%clk 0:00:23]} Qd1+ {[%clk 0:09:20]} 51. Kg2
{[%clk 0:00:32]} Qd6 {[%clk 0:09:13]} 52. Kh2 {[%clk 0:00:41]} Qe5
{[%clk 0:08:20]} 53. Qe7+ {[%clk 0:00:48]} Kg8 {[%clk 0:08:08]} 54. Qg5
{[%clk 0:00:18]} Qxg5 {[%clk 0:06:33]} 55. hxg5 {[%clk 0:00:28]} e5
{[%clk 0:06:28]} 56. Kg2 {[%clk 0:00:36]} Kf7 {[%clk 0:06:33]} 57. Kf3
{[%clk 0:00:45]} Ke6 {[%clk 0:06:36]} 58. Ke4 {[%clk 0:00:54]} Kd6
{[%clk 0:05:48]} 59. Kd3 {[%clk 0:01:03]} Ke6 {[%clk 0:05:38]} 60. Ke4
{[%clk 0:01:12]} Kd6 {[%clk 0:05:43]} 61. Kd3 {[%clk 0:00:55]} Ke6
{[%clk 0:05:51]} 62. Ke4 {[%clk 0:00:18]} 1/2-1/2

[Event "HSG Open 2016"]
[Site "Hilversum"]
[Date "2016.06.17"]
[Round "1.11"]
[White "Brouwer, Rein"]
[Black "Peng, Zhaoqin"]
[Result "0-1"]
[BlackElo "2379"]
[WhiteElo "2002"]
[LiveChessVersion "1.4.8"]

1. d4 {[%clk 1:50:18]} e6 {[%clk 1:49:59]} 2. c4 {[%clk 1:50:06]} Bb4+
{[%clk 1:49:59]} 3. Bd2 {[%clk 1:49:51]} a5 {[%clk 1:50:05]} 4. Nc3
{[%clk 1:45:42]} Nf6 {[%clk 1:49:17]} 5. Nf3 {[%clk 1:45:22]} O-O
{[%clk 1:47:16]} 6. e3 {[%clk 1:44:19]} d5 {[%clk 1:46:59]} 7. Rc1
{[%clk 1:43:49]} b6 {[%clk 1:41:14]} 8. cxd5 {[%clk 1:42:15]} exd5
{[%clk 1:41:05]} 9. Bd3 {[%clk 1:40:47]} Re8 {[%clk 1:35:19]} 10. O-O
{[%clk 1:39:59]} Bb7 {[%clk 1:16:03]} 11. Ne2 {[%clk 1:38:39]} Bd6
{[%clk 1:13:31]} 12. Ng3 {[%clk 1:27:05]} g6 {[%clk 1:06:39]} 13. Bc3
{[%clk 1:23:43]} Nbd7 {[%clk 1:06:22]} 14. Qa4 {[%clk 1:20:36]} c6
{[%clk 1:04:30]} 15. Qc2 {[%clk 1:20:25]} Qe7 {[%clk 1:02:24]} 16. b3
{[%clk 1:12:32]} Ng4 {[%clk 0:48:45]} 17. Rfd1 {[%clk 1:08:13]} f5
{[%clk 0:41:09]} 18. Ne2 {[%clk 1:01:24]} Rf8 {[%clk 0:37:38]} 19. Ra1
{[%clk 0:48:51]} Rae8 {[%clk 0:37:31]} 20. Qb2 {[%clk 0:47:32]} Ndf6
{[%clk 0:27:35]} 21. Be1 {[%clk 0:45:00]} Ne4 {[%clk 0:25:09]} 22. a3
{[%clk 0:39:17]} Ng5 {[%clk 0:22:04]} 23. Ng3 {[%clk 0:34:14]} f4
{[%clk 0:17:51]} 24. exf4 {[%clk 0:33:40]} Bxf4 {[%clk 0:17:21]} 25. Nxg5
{[%clk 0:28:29]} Qxg5 {[%clk 0:17:20]} 26. Nf1 {[%clk 0:25:59]} Bc8
{[%clk 0:13:34]} 27. Qc2 {[%clk 0:23:00]} Bd7 {[%clk 0:13:37]} 28. b4
{[%clk 0:22:48]} axb4 {[%clk 0:13:02]} 29. axb4 {[%clk 0:22:41]} Bb8
{[%clk 0:12:48]} 30. Qd2 {[%clk 0:19:38]} Qh4 {[%clk 0:11:10]} 31. g3
{[%clk 0:10:11]} Qh3 {[%clk 0:09:32]} 32. Be2 {[%clk 0:09:29]} b5
{[%clk 0:09:01]} 33. f3 {[%clk 0:08:35]} Nxh2 {[%clk 0:08:13]} 34. Nxh2
{[%clk 0:08:15]} Bxg3 {[%clk 0:08:10]} 35. Nf1 {[%clk 0:07:19]} Bf4
{[%clk 0:07:54]} 36. Qb2 {[%clk 0:05:38]} Rf5 {[%clk 0:07:51]} 0-1